Prečo dochádza k prijatiu nového zákona?
Rastúce riziko porušovania práv v EÚ a následná modernizácia pravidiel v oblasti ochrany spotrebiteľa viedla k prijatiu novej dohody pre spotrebiteľov, ktorej cieľom je posilnenie presadzovania spotrebiteľského práva.
Gespeichert in:
| 1. Verfasser: | |
|---|---|
| Format: | Buchkapitel |
| Sprache: | Slowakisch |
| Schlagworte: | |
| Tags: |
Keine Tags, Fügen Sie das erste Tag hinzu!
|
MARC
| LEADER | 00000naa a2200000 4500 | ||
|---|---|---|---|
| 001 | 0288582 | ||
| 005 | 20240417075219.1 | ||
| 041 | 0 | |a slo | |
| 044 | |a SK | ||
| 245 | 1 | 0 | |a Prečo dochádza k prijatiu nového zákona? |c Gabriela Alenová |
| 520 | |a Rastúce riziko porušovania práv v EÚ a následná modernizácia pravidiel v oblasti ochrany spotrebiteľa viedla k prijatiu novej dohody pre spotrebiteľov, ktorej cieľom je posilnenie presadzovania spotrebiteľského práva. | ||
| 610 | 2 | 0 | |a ochrana spotrebiteľa |
| 610 | 2 | 0 | |a legislatíva |
| 610 | 2 | 0 | |a novelizácia |
| 610 | 2 | 0 | |a právo spotrebiteľské |
| 610 | 2 | 0 | |a smernice |
| 100 | 1 | |a Alenová, Gabriela | |